Textbook of Biochemistry with Clinical Correlations (Record no. 19120)

MARC details
000 -LEADER
fixed length control field 00456nam a22001577a 4500
008 - FIXED-LENGTH DATA ELEMENTS--GENERAL INFORMATION
fixed length control field 211115b |||||||| |||| 00| 0 eng d
020 ## - INTERNATIONAL STANDARD BOOK NUMBER
International Standard Book Number 0471411361
050 ## - LIBRARY OF CONGRESS CALL NUMBER
Classification number QP514.2
Item number .T49 2002
245 ## - TITLE STATEMENT
Title Textbook of Biochemistry with Clinical Correlations
Statement of responsibility, etc. Edited by Thomas M. Devlin
250 ## - EDITION STATEMENT
Edition statement 5th ed.
260 ## - PUBLICATION, DISTRIBUTION, ETC. (IMPRINT)
Place of publication, distribution, etc. New York
Name of publisher, distributor, etc. John Wiley
Date of publication, distribution, etc. 2002
300 ## - PHYSICAL DESCRIPTION
Extent xxiv. 1216p.
650 ## - SUBJECT ADDED ENTRY--TOPICAL TERM
Topical term or geographic name as entry element Biochemistry
650 ## - SUBJECT ADDED ENTRY--TOPICAL TERM
Topical term or geographic name as entry element Clinical biochemistry
942 ## - ADDED ENTRY ELEMENTS (KOHA)
Source of classification or shelving scheme Library of Congress Classification
Koha item type General Collection
Holdings
Withdrawn status Lost status Source of classification or shelving scheme Not for loan Home library Current library Date acquired Cost, normal purchase price Total Checkouts Total Renewals Full call number Barcode Date last seen Date last checked out Price effective from Koha item type
    Library of Congress Classification   Kabarak, Main Campus Kabarak, Main Campus 15/11/2021 21740.00 17 3 QP514.2 .T49 2002 c.1 031318 18/06/2025 30/05/2025 15/11/2021 General Collection
    Library of Congress Classification   Kabarak, Main Campus Kabarak, Main Campus 15/11/2021 21740.00 6 3 QP514.2 .T49 2002 c.2 031319 08/06/2025 25/05/2025 15/11/2021 General Collection
Designed with assistance from East African Informatics Ltd